White Boy Of The Month #2 - Statistics

General Stats
  • This quiz has been taken 10 times
  • The average score is 9 of 16
Answer Stats
Picture Answer % Correct
Chris Evans
100%
Sebastian Stan
80%
KJ Apa
70%
Ross Lynch
70%
Barry Keoghan
60%
Bill Skarsgard
60%
Callum Turner
60%
Joe Keery
60%
Theo James
60%
Will Poulter
60%
Joseph Quinn
50%
Nicholas Hoult
40%
Nick Robinson
40%
Kit Connor
30%
Leo Woodall
20%
Nick Galatzine
10%
No matching quizzes found
Score Distribution
Percent of People with Each Score
Percentile by Number Answered
Your Score History
You have not taken this quiz